Pokémon GO Scenario Quiz - Statistics

General Stats
  • This quiz has been taken 15 times
  • The average score is 10 of 20
Answer Stats
Question Answer % Correct
It's raining, and Weedle has Weather Boost. It stops raining, but Weedle still has Weather Boost. What weather is it? Cloudy
79%
You want to evolve your Eevee to Umbreon, but don't want to put in the effort of walking with it. What do you do? Name it Tamao
64%
You are battling a Team GO Rocket grunt. They are using a Golbat with Bite. You are using a Rhyperior with Mud-Slap. What is the best thing to do? Switch to an Alolan Ninetales with Powder Snow
64%
You have no Shinies, but you want to get one. What is the best way to Shiny hunt? Community Day
57%
You want to get a Politoed. How do you do so? Evolve a Poliwhirl with 100 candies and King's Rock
57%
You finished a Ho-oh raid, and you gat a shiny. What do you do? Throw a ball and hope for the best
57%
It's windy, and you want to collect stardust. Which of the below do you catch first? Vibrava
57%
You became Ultra Friends with someone. Which of the below is a new feature? +2 Raid capture balls
50%
You get an egg from a gift. Which of the below is the most likely to hatch from it? Alolan Vulpix
50%
You're in the city of Marseille. Which of the below cannot be found here? Tauros
50%
Team GO Rocket says "Ke Ke Ke." What do you put in front of your team? Umbreon with Snarl
50%
You go to the town park for a breakfast picnic. When you look on Pokémon GO, there are a bunch of Machop around. Why is this? You are in a Pokémon Nest
50%
You get an egg from defeating a Team GO Rocket leader. What is the best way to hatch it? A half marathon
43%
You're in a raid against a Mega Charizard X with Dragon Claw. Two of your Pokémon have fainted, and you are using a Kingdra with Hydro Pump. What is the best thing to do? Switch to a Rhyperior with Earthquake
43%
I's the middle of December, and you've almost completed the Kanto Pokédex. You only need a Kangaskhan. What is the best way to do so? Trade for one
43%
It's raid night! Where's the best place to go? A big city with lots of people
36%
You became Ultra Buddies with your Pikachu. Which of the below is a new feature? Find Souvenirs
36%
You get a shadow Mewtwo. What is the fastest way to purify it? Rare Candies
36%
You want to complete the Pokédex. What is the fastest way to do so? Trade with lots of different trainers
36%
You want to make a Pokéstop of a fountain in the park. How do you do so? Get to level 40
29%
No matching quizzes found
Score Distribution
Percent of People with Each Score
Percentile by Number Answered
Your Score History
You have not taken this quiz